Normal view
MARC view
- Demonology
Entry Topical Term
001 - CONTROL NUMBER
- control field: 119752
003 - CONTROL NUMBER IDENTIFIER
- control field: NUST
005 - DATE AND TIME OF LATEST TRANSACTION
- control field: 20231218161651.0
008 - FIXED-LENGTH DATA ELEMENTS
- fixed length control field: 231218|| aca||aabn | a|a d
040 ## - CATALOGING SOURCE
- Original cataloging agency: NUST
- Transcribing agency: NUST
150 ## - HEADING--TOPICAL TERM
- Topical term or geographic name entry element: Demonology
- Form subdivision: Juvenile fiction
670 ## - SOURCE DATA FOUND
- Source citation: Work cat.: (NUST)234730: Shan, Darren. 14161, Wolf Island /, 2009.
